| 000 | 00462pab a2200169 454500 | ||
|---|---|---|---|
| 008 | 180718b2008 xxu||||| |||| 00| 0 eng d | ||
| 100 | _aRai, K.B. | ||
| 245 | _aOn-line system for applications and first appeal cases under RTI act in government of Delhi | ||
| 260 | _c2008 | ||
| 300 | _ap.61-75. | ||
| 362 | _aApr-Jun | ||
| 650 | _aRight to information | ||
| 700 | _aSrivastava, C.P. | ||
| 773 | _aManagement in Government | ||
| 908 | _aN | ||
| 909 | _a78790 | ||
| 999 |
_c78790 _d78790 |
||